Online Catalogue and eLibrary

Elankyth Thamilar Varalatrin Sila Pakkangal (Record no. 4708)

MARC details
000 -LEADER
fixed length control field 00490nam a2200193Ia 4500
005 - DATE AND TIME OF LATEST TRANSACTION
control field 20250224022717.0
008 - FIXED-LENGTH DATA ELEMENTS--GENERAL INFORMATION
fixed length control field 240331s9999 xx 000 0 und d
020 ## - INTERNATIONAL STANDARD BOOK NUMBER
ISBN 9789551857103
082 ## - DDC Classification
Item Number - Author Mark SAT
DDC Edition Number 6540
Class No. 954
100 ## - MAIN ENTRY--PERSONAL NAME
Personal name Sathiaseelan,S
245 #0 - TITLE STATEMENT
Title Elankyth Thamilar Varalatrin Sila Pakkangal
260 ## - PUBLICATION, DISTRIBUTION, ETC.
Place of publication, distribution, etc. Colombo
Name of publisher, distributor, etc. Chemamadu Poththakasalai
Date of publication, distribution, etc. 2008
300 ## - PHYSICAL DESCRIPTION
Extent (e.g. Volumes, Pages etc.) 180 p.,
650 ## - SUBJECT ADDED ENTRY--TOPICAL TERM
Topical term or geographic name entry element History
650 ## - SUBJECT ADDED ENTRY--TOPICAL TERM
Topical term or geographic name entry element Sri Lanka Tamil
650 ## - SUBJECT ADDED ENTRY--TOPICAL TERM
Topical term or geographic name entry element Culture
650 ## - SUBJECT ADDED ENTRY--TOPICAL TERM
Topical term or geographic name entry element Religion
942 ## - Koha item type (Biblio)
Koha item type Books in Stacks (Lending)
Holdings
Lost status Damaged status Collection code Home library Current library Shelving location Date acquired Full call number Accession Number Item type
    Lending WERC Library WERC Library Social Science Cupboard 03/31/2024 954 SAT 6540 Books in Stacks (Lending)

© WERC Library